Nuestra propia agenda sobre desarrollo y medio ambiente (Registro nro. 3860)

Detalles MARC
000 -LEADER
fixed length control field 01111 a2200241 4500
001 - CONTROL NUMBER
control field 44921
005 - DATE AND TIME OF LATEST TRANSACTION
control field 20260407155724.0
008 - FIXED-LENGTH DATA ELEMENTS--GENERAL INFORMATION
fixed length control field 260407a1991 arg spa d
003 - CONTROL NUMBER IDENTIFIER
control field AR-UNSa-BCEJYS
040 ## - CATALOGING SOURCE
Original cataloging agency AR-UNSa-BCEJYS
Language of cataloging spa
Transcribing agency AR-UNSa-BCEJYS
080 ## - UNIVERSAL DECIMAL CLASSIFICATION NUMBER
Universal Decimal Classification number 504
Common auxiliary subdivision Ciencias del medio ambiente. Ciencias medioambientales
020 ## - INTERNATIONAL STANDARD BOOK NUMBER
International Standard Book Number 968-16-3575-2
041 ## - LANGUAGE CODE
Language code of text/sound track or separate title spa
100 1# - MAIN ENTRY--PERSONAL NAME
Personal name Comisión de Desarrollo y Medio Ambiente de América Latina y el Caribe
245 10 - TITLE STATEMENT
Title Nuestra propia agenda sobre desarrollo y medio ambiente
Name of part/section of a work informe
250 ## - EDITION STATEMENT
Edition statement 2a. ed.
264 #1 - PRODUCTION, PUBLICATION, DISTRIBUTION, MANUFACTURE, AND COPYRIGHT NOTICE
Place of production, publication, distribution, manufacture Washington :
Name of producer, publisher, distributor, manufacturer Banco Interamericano de Desarrollo
Date of production, publication, distribution, manufacture, or copyright notice 1991
300 ## - PHYSICAL DESCRIPTION
Extent 102 p.
Dimensions 28 cm.
505 ## - FORMATTED CONTENTS NOTE
Formatted contents note 1. Introducción – 2. El impacto del deterioro ambiental en la sociedad y en la economía – 3. Recursos naturales, medio ambiente y desarrollo – 4. Estrategias para un desarrollo sustentable – 5. Un nuevo pacto internacional para el desarrollo sustentable
590 ## - LOCAL NOTE (RLIN)
Local note niveau_biblio:m niveau_hierar:0
856 41 - ELECTRONIC LOCATION AND ACCESS
Uniform Resource Identifier <a href="https://www.biblioeco.unsa.edu.ar/pmb/images/libros/L127044.jpg">https://www.biblioeco.unsa.edu.ar/pmb/images/libros/L127044.jpg</a>
Link text Imagen de portada
Electronic format type image/jpeg
942 ## - ADDED ENTRY ELEMENTS (KOHA)
Koha item type
Existencias
Withdrawn status Lost status Damaged status Not for loan Home library Current library Shelving location Date acquired Total checkouts Full call number Barcode Date last seen Price effective from Koha item type
        Biblioteca Prof. Eusebio Cleto del Rey Biblioteca Prof. Eusebio Cleto del Rey   07/04/2026   504 C733 2ed. L127044 07/04/2026 07/04/2026 Libro